banner koha

Manual de serviço: inspeção e fiscalização da produção e do comércio de fertilizantes, corretivos e inoculantes (Registro n. 80188)

MARC details
000 -LÍDER
campo de controle de tamanho fixo 01084nam a22003377a 4500
001 - NÚMERO DE CONTROLE
campo de controle BR2014005571
003 - IDENTIFICADOR DO NÚMERO DE CONTROLE
campo de controle BR-BrBNA
005 - DATA E HORÁRIO DA ÚLTIMA TRANSAÇÃO
campo de controle 20230928104503.0
007 - CAMPO FIXO DE DESCRIÇÃO FÍSICA--INFORMAÇÃO GERAL
campo de controle de tamanho fixo ta
008 - CAMPO DE DADOS FIXOS--INFORMAÇÃO GERAL
campo de controle de tamanho fixo 230509b bl.||||| |||| 00| 0 por d
040 ## - FONTE DA CATALOGAÇÃO
Instituição da catalogação original BR-BrBNA
Idioma da catalogação por
Instituição que transcreveu o registro Biblioteca Nacional de Agricultura
041 ## - CÓDIGO DE IDIOMA
Código do idioma do texto/trilha sonora ou título diferente (Por)
072 ## - CÓDIGO DE CATEGORIA DE ASSUNTO
Código de Categoria de Assunto D50; F04
090 ## - NÚMERO DE CHAMADA LOCAL
-- D50 BR2014005571
100 1# - ENTRADA PRINCIPAL--NOME PESSOAL
Nome pessoal Rosal, C.L.
100 1# - ENTRADA PRINCIPAL--NOME PESSOAL
Nome pessoal Ramos, L.M.
100 1# - ENTRADA PRINCIPAL--NOME PESSOAL
Nome pessoal Alves, M. de L.V.
100 1# - ENTRADA PRINCIPAL--NOME PESSOAL
Nome pessoal Trombeta, N.V.
100 1# - ENTRADA PRINCIPAL--NOME PESSOAL
Nome pessoal Pires, S.V.
110 1# - ENTRADA PRINCIPAL--NOME CORPORATIVO
Nome corporativo ou nome da jurisdição Ministério da Agricultura e do Abastecimento, Brasília, DF (Brasil). Depto. de Fiscalização e Fomento da Produção Vegetal
9 (RLIN) 7197
245 1# - TÍTULO
Título Manual de serviço: inspeção e fiscalização da produção e do comércio de fertilizantes, corretivos e inoculantes
Restante do título Versão Preliminar
260 3# - PUBLICAÇÃO, DISTRIBUIÇÃO, ETC.
Local de publicação, distribuição, etc. Brasília, DF (Brasil):
Data da publicação, distribuição, etc. 1997.
300 ## - DESCRIÇÃO FÍSICA
Extensão Vp.
500 ## - NOTA GERAL
Nota geral 8 illus.; 43 tables
650 ## - ASSUNTO--TERMO TÓPICO
Cabeçalho tópico ou nome geográfico LEGISLAÇÃO
650 ## - ASSUNTO--TERMO TÓPICO
Cabeçalho tópico ou nome geográfico INSPEÇÃO VEGETAL
650 ## - ASSUNTO--TERMO TÓPICO
Cabeçalho tópico ou nome geográfico FERTILIZANTE
650 ## - ASSUNTO--TERMO TÓPICO
Cabeçalho tópico ou nome geográfico CORRETIVO
909 ## -
-- 202309
-- Lucia
-- 55
-- Lucia Elande
942 ## - ELEMENTOS DE ENTRADA ADICIONADOS (KOHA)
Tipo de material Koha Livros
Exemplares
Situação do descarte Fonte da classificação ou esquema de arquivamento na estante Situação física Não pode ser emprestado Coleção Biblioteca de origem Biblioteca atual Total de empréstimos Número de telefone completo Código de barras Data de último acesso Número do exemplar Tipo de material Koha Situação das perdas Data de aquisição Fonte de aquisição
  Classificação AGRIS       Biblioteca Nacional de Agricultura - Binagri Biblioteca Nacional de Agricultura - Binagri   D50 BR2014005571 D50 BR2014005571 25/09/2023 01 Livros   2023-09-25 Portaria Interministerial nº 164/94

BINAGRI

Telefone: (61)3218-2567/2388/3357/2097 - binagri@agro.gov.br

Ministério da Agricultura e Pecuária , Esplanada dos Ministérios, Bloco D, Anexo B, Brasília/DF, CEP: 70.043-900